Vista normal
Vista MARC
Entrada Personal Name
Número de registros utilizados en: 1
001 - CONTROL NUMBER
- control field: 882
003 - CONTROL NUMBER IDENTIFIER
- control field: OSt
005 - DATE AND TIME OF LATEST TRANSACTION
- control field: 20110817125156.0
008 - FIXED-LENGTH DATA ELEMENTS
- fixed length control field: 110817|||a|||||| | ||| d
040 ## - CATALOGING SOURCE
- Original cataloging agency: OSt
- Transcribing agency: OSt
100 ## - HEADING--PERSONAL NAME
- Personal name: Vargas- Alavarado, Eduardo.
670 ## - SOURCE DATA FOUND
- Source citation: Work cat.: (OSt)587: Vargas- Alavarado, Eduardo., Medicina Forense y Deontología Médica. Ciencias forenses para médicos y abogados / , 1991.